|
|
|
|
| LEADER |
01044pam a22002898a 4500 |
| 001 |
00021672 |
| 005 |
20171026081023.0 |
| 008 |
110525s1985 ||||||Viesd |
| 041 |
0 |
# |
|a Vie
|
| 082 |
1 |
4 |
|a 891.73
|b T527T
|
| 100 |
0 |
# |
|a Gorki,Macxim
|
| 245 |
0 |
0 |
|b Hai tập
|n T.2
|a Tuyển tập truyện ngắn
|c Macxim Gorki; Cao Xuân Hạo, Phạm Mạnh Hùng
|
| 260 |
# |
# |
|a H.
|b Văn học
|c 1985
|
| 300 |
# |
# |
|a 463 tr.
|c 19 cm.
|
| 500 |
# |
# |
|a Tái bản có sửa chữa
|
| 650 |
# |
4 |
|a Liên Xô
|
| 650 |
# |
4 |
|a Văn học hiện đại
|
| 653 |
# |
# |
|a Truyện ngắn
|
| 700 |
0 |
# |
|a Hoàng Ngọc Hiên
|e Dịch
|
| 700 |
0 |
# |
|a Nguyễn Thụy Ứng
|e Dịch
|
| 700 |
0 |
# |
|a Cao Xuân Hạo
|e Dịch
|
| 700 |
0 |
# |
|a Phạm Mạnh Hùng
|e Dịch
|
| 852 |
# |
# |
|b Kho mượn
|j KM.0010591, KM.0011131, KM.0011130
|
| 852 |
# |
# |
|b Kho đọc
|j KD.0006896
|
| 852 |
# |
# |
|j KM.0010591
|j KM.0011131
|j KM.0011130
|j KD.0006896
|
| 910 |
|
|
|d 25/05/2011
|
| 980 |
# |
# |
|a Trung tâm Học liệu Lê Vũ Hùng, Trường Đại học Đồng Tháp
|